Levél jugoszláviai magyar barátomhoz

Elmentve itt :
Bibliográfiai részletek
Szerző: Végel László
Adatforrás:Philobibl
Forrásdokumentuma:Új Symposion
1990:3. 12-14. p.
Dokumentumtípus: Cikk
Nyelv:magyar
Megjelent: 1990
LEADER 00309nab a2200109 c 4500
001 bibPHI0031694
005 20200924122924.3
008 080201s1990 yu hun
100 1 |a Végel László 
245 1 0 |a Levél jugoszláviai magyar barátomhoz  |c Végel László 
260 |a 1990 
773 0 |t Új Symposion  |g 1990:3. 12-14. p.